Bucharest Băneasa Aurel Vlaicu Int. Destinations (Bucharest, Romania) - Statistics

General Stats
  • This quiz has been taken 26 times
    15 since last reset
  • The average score is 9 of 24
Answer Stats
Airline Destination % Correct
Wizz Air London (Luton)
92%
Wizz Air Athens
77%
Wizz Air Barcelona
77%
Ryanair/Wizz Air Kraków
62%
Wizz Air Naples
62%
Wizz Air Warsaw (Chopin)
62%
Wizz Air Budapest
54%
Ryanair Bari
46%
Wizz Air Turin
46%
Wizz Air Wrocław
46%
Wizz Air Nice
38%
Wizz Air Abu Dhabi
31%
Fly Lili Antalya
31%
Wizz Air Basel/Mulhouse
31%
Wizz Air Bergamo
31%
Wizz Air Charleroi
31%
Ryanair/Wizz Air Memmingen
31%
Wizz Air Hahn
15%
Fly Lili Hurghada
15%
Fly Lili Sharm El Sheikh
15%
Fly Lili Bodrum
8%
Fly Lili Enfidha
8%
Ryanair Girona
8%
Ryanair Karlsruhe/Baden-Baden
8%
No matching quizzes found
Score Distribution
Percent of People with Each Score
Percentile by Number Answered
Your Score History
You have not taken this quiz since the last reset